[Event "IND-ch U25"]
[Site "Kankarbagh"]
[Date "2015.10.17"]
[Round "7"]
[White "Rahul, Lamba"]
[Black "Kakkad, Jeet"]
[Result "0-1"]
[WhiteElo "1865"]
[BlackElo "1700"]
[PlyCount "148"]
[EventDate "2015.10.13"]
[EventType "swiss"]
[EventRounds "9"]
[EventCountry "IND"]
[SourceTitle "CBM 168 Extra"]
[Source "ChessBase"]
[SourceDate "2015.10.29"]
[SourceVersion "1"]
[SourceVersionDate "2015.10.29"]
[SourceQuality "1"]

1. e4 c6 2. d4 d5 3. Nc3 dxe4 4. Nxe4 Nf6 5. Nxf6+ exf6 6. Be3 Bd6 7. Bd3 Be6 8. c4 Bb4+ 9. Kf1 Bd6 10. Ne2 Nd7 11. Nf4 Nf8 12. Qf3 Bxf4 13. Qxf4 Ng6 14. Qf3 Qd7 15. Rc1 Ne7 16. Qg3 Bf5 17. Be2 Bg6 18. h4 h5 19. Kg1 0-0 20. Qf4 Qf5 21. g4 Qxf4 22. Bxf4 hxg4 23. Bxg4 Bf5 24. Bf3 Rad8 25. Rd1 Be6 26. b3 Rd7 27. Be3 Rfd8 28. Be4 Bf5 29. Bf3 Be6 30. Be4 a5 31. Kg2 b5 32. cxb5 cxb5 33. h5 Bd5 34. Kf3 Nc6 35. Rh4 f5 36. Bxd5 Rxd5 37. h6 gxh6 38. Rg1+ Kf8 39. Rxh6 Nxd4+ 40. Bxd4 Rxd4 41. Ra6 a4 42. Rg5 axb3 43. axb3 R8d5 44. Rh6 Rd3+ 45. Kf4 Rxb3 46. Rh7 Rb4+ 47. Kf3 Rc4 48. Rgg7 Rd3+ 49. Ke2 Rd7 50. Rg5 Re4+ 51. Kf3 Rd3+ 52. Kg2 Rg4+ 53. Rxg4 fxg4 54. Rh6 Rb3 55. Kf1 Kg7 56. Rd6 Rb4 57. Ke2 f6 58. Re6 Kg6 59. Re8 Kg5 60. Kf1 Kf4 61. Re7 f5 62. Re8 Rb3 63. Kg2 Rb2 64. Kf1 b4 65. Re7 g3 66. Kg2 Rxf2+ 67. Kg1 Rb2 68. Rf7 b3 69. Rf8 Ke4 70. Rf7 f4 71. Re7+ Kf3 72. Re1 Kg4 73. Rc1 f3 74. Rc4+ Kh3 0-1

[Event "IND-ch U25"]
[Site "Kankarbagh"]
[Date "2015.10.14"]
[Round "2"]
[White "Kakkad, Jeet"]
[Black "Bhatt, Jalpan"]
[Result "1-0"]
[WhiteElo "1700"]
[BlackElo "2078"]
[PlyCount "61"]
[EventDate "2015.10.13"]
[EventType "swiss"]
[EventRounds "9"]
[EventCountry "IND"]
[SourceTitle "CBM 168 Extra"]
[Source "ChessBase"]
[SourceDate "2015.10.29"]
[SourceVersion "1"]
[SourceVersionDate "2015.10.29"]
[SourceQuality "1"]

1. e4 c5 2. Nc3 g6 3. f4 Bg7 4. Nf3 Nc6 5. Bb5 d6 6. 0-0 Bd7 7. Bxc6 Bxc6 8. d3 Nf6 9. Qe1 Qd7 10. Bd2 0-0 11. h3 b5 12. Qh4 b4 13. Ne2 Qb7 14. f5 c4 15. Bh6 cxd3 16. cxd3 Rac8 17. Ng5 Qb6+ 18. Kh2 Qe3 19. Ng3 Be8 20. Bxg7 Kxg7 21. Rf3 Qd2 22. Rf2 Qxf2 23. Nh5+ Nxh5 24. Qxf2 h6 25. Nf3 Nf4 26. Rd1 Rc7 27. Nd4 g5 28. f6+ exf6 29. Nf5+ Kh7 30. Qd4 Rc2 31. Qxf6 1-0